Changing the power landscape (Record no. 117729)

MARC details
000 -LEADER
fixed length control field 00860cam a2200229 4500
001 - CONTROL NUMBER
control field ABS68055
008 - FIXED-LENGTH DATA ELEMENTS--GENERAL INFORMATION
fixed length control field 040720n2004 000 0 eng u
035 ## - SYSTEM CONTROL NUMBER
System control number (Sirsi) u126844
100 ## - MAIN ENTRY--PERSONAL NAME
Personal name Bower, A.
245 ## - TITLE STATEMENT
Title Changing the power landscape
260 ## - PUBLICATION, DISTRIBUTION, ETC.
Date of publication, distribution, etc. 2004
490 ## - SERIES STATEMENT
Series statement Farmers' Weekly
Volume/sequential designation 141(3) 16 July 2004, 72-73(2)
520 ## - SUMMARY, ETC.
Summary, etc. Wind turbines are becoming common in the countryside and more are likely to appear as Britain sets out to achieve 10% of its energy production from renewable sources by 2010. Briefly examines the factors that help or hinder a landowner gaining planning permission to build a wind farm on their land.
590 ## - LOCAL NOTE (RLIN)
Local note ABS
590 ## - LOCAL NOTE (RLIN)
Local note ABS
650 ## - SUBJECT ADDED ENTRY--TOPICAL TERM
Topical term or geographic name entry element WIND FARMS
650 ## - SUBJECT ADDED ENTRY--TOPICAL TERM
Topical term or geographic name entry element RENEWABLE ENERGY SOURCES
650 ## - SUBJECT ADDED ENTRY--TOPICAL TERM
Topical term or geographic name entry element ENERGY POLICY
650 ## - SUBJECT ADDED ENTRY--TOPICAL TERM
Topical term or geographic name entry element PLANNING PERMISSION
690 ## - LOCAL SUBJECT ADDED ENTRY--TOPICAL TERM (OCLC, RLIN)
Topical term or geographic name as entry element PLANNING-PRACTICE
942 ## - ADDED ENTRY ELEMENTS (KOHA)
Suppress in OPAC 0
Holdings
Withdrawn status Lost status Source of classification or shelving scheme Damaged status Not for loan Home library Current library Shelving location Date acquired Total Checkouts Full call number Barcode Date last seen Copy number Price effective from Koha item type
    Dewey Decimal Classification     London London Journal article 20/07/2004   ABS68055 126844-1001 06/08/2019 1 06/08/2019 Journal article